| 000 | 01463cam a2200277 a 4500 | ||
|---|---|---|---|
| 003 | OSt | ||
| 005 | 20201123123001.0 | ||
| 008 | 110921s2009 ck r 000 0 spa d | ||
| 020 | _a9789587191554 | ||
| 040 |
_aCO-BoPUJ _cCO-JMCR |
||
| 041 | 0 | _aspa | |
| 082 | 0 | 4 |
_a342.22 / _bM385c _223 |
| 100 | 1 |
_aMartínez Sánchez, Mauricio, _eautor _910061 |
|
| 245 | 1 | 3 |
_aLa constitucionalización de la justicia y la autonomía judicial : _bla tutela contra providencias judiciales en Colombia y España / _cMauricio Martínez |
| 250 | _aPrimera edición | ||
| 260 |
_aBogotá : _bUniversidad Nacional de Colombia, _c2009 |
||
| 300 |
_a415 páginas _c23 cm. |
||
| 502 | _aTesis laureada Summa Cum Laude por unanimidad - para recibir el doctorado europeo en Derecho Constitucional. | ||
| 504 | _aIncluye referencias bibliográficas: páginas 399-412. | ||
| 505 | 0 | _aNeoconstitucionalismo y garantismo -- La autonomía judicial condicionada en el estado constitucional -- La supremacía de los tribunales constitucionales -- La acción de tutela contra providencias judiciales -- Los derechos fundamentales víctimas del conflicto -- Las tensiones con el ejecutivo y el legislativo por el control constitucional -- Balance y propuesta de solución | |
| 650 | 1 | 4 |
_aTutela _zColombia _912415 |
| 650 | 2 | 4 |
_aTutela _zEspaña _912416 |
| 650 | 2 | 4 |
_aAdministración de justicia _zColombia _98342 |
| 650 | 2 | 4 |
_aAdministración de justicia _zEspaña _912417 |
| 942 |
_2ddc _cBK |
||
| 999 |
_c7014 _d7014 |
||